00473nam a2200145Ia 4500008004100000041000800041082001500049100002100064245003400085260002700119300003000146365001200176999001700188952012200205240624s9999 xx 000 0 und d aeng a332.41 CAR aCARLBERG MICHAEL aINFLATION IN A MONETARY UNION c2002aLondonbSpringer axv, : 305 : p. : cm. ; 24 cERUb26 c20100d20100 00104070aIMTNbIMTNcRack 7-Bd2012-10-09eTBg94.95o332.41 CARp20100r2024-06-24 00:00:00t72.9w2024-06-24yBK